00686nam a2200193Ia 4500952015700000999001700157003000400174005001700178008004100195020001800236040000900254082002400263100002800287245005000315260004300365300000900408650002100417942005400438 00102ddc40708SOCIAL SCIENCEaMESbMEScSOCIAL SCIENCEd2019-02-20g395.00l0o305.51220954 ZEL/Fp39381r2019-02-20 00:00:00w2019-02-20yBKzGL41R2 c14927d14927OSt20201019113637.0190216s9999||||xx |||||||||||||| ||und|| a9788173041433 coclc a305.51220954bZEL/F aZelliot, Eleanor 95891 0aFrom Untouchable To Dalit /cEleanor Zelliot bManohar Publishers,c2015.aNew Delhi: a350p aAmbedkar Movment cBK2ddch305.51220954iZEL/Fk305.51220954mZEL/F